Musicals nach Lied - Statistiken

Allgemein
  • Dieses Quiz wurde 76 mal gespielt
  • Das Durchschnittsergebnis liegt bei 7 aus 12
Antwortstatistiken
Hint Antwort % Korrekt
Lass jetzt los Die Eiskönigin
87%
Der ewige Kreis König der Löwen
80%
Sei hier Gast Die Schöne und das Biest
70%
Totale Finsternis Tanz der Vampire
63%
Hilf den Verstoss´nen Glöckner von Notre Dame
56%
Dir gehört mein Herz Tarzan
52%
In meiner Welt Aladdin
50%
Frei und schwerelos Wicked
46%
Erinnerung Cats
43%
Ich gehöre nur mir Elisabeth
43%
Denk an mich Phantom der Oper
43%
Gold von den Sternen Mozart
33%
Keine übereinstimmenden Quizze gefunden
Verteilung der Resultate
Anzahl Personen mit jedem Resultat
Perzentil nach korrekt beantworteten Fragen
Ihre Resultats-Entwicklung
Sie haben dieses Quiz noch nicht gespielt